000 00681nam a22002177a 4500
003 UA-OsUOA
001 84045
007 ta
008 20120517b un ||||| |||| 00| 0 ukr d
100 _aХотетовська О.Б.
090 _a330(477)
_bХ85
942 _cSA
040 _aUA-OsUOA
_bukr
_cUA-OsUOA
_dUA-OsUOA
245 _aПроблеми рейтингових оцінок надійності та ефективності комерційни банків
300 _aС.63-68
955 _a0
041 _aukr
080 _a330(477)
773 0 _w84034
_tСтатистика України
_dК.
_d2012
_g1
650 7 _a330 Економіка взагалі
_2UDC
999 _c370358
_d370358